<?xml version="1.0" encoding="UTF-8"?>
<record
    xmlns:xsi="http://www.w3.org/2001/XMLSchema-instance"
    xsi:schemaLocation="http://www.loc.gov/MARC21/slim http://www.loc.gov/standards/marcxml/schema/MARC21slim.xsd"
    xmlns="http://www.loc.gov/MARC21/slim">

  <leader>01567nab a22002177a 4500</leader>
  <datafield tag="999" ind1=" " ind2=" ">
    <subfield code="c">5717</subfield>
    <subfield code="d">5717</subfield>
  </datafield>
  <controlfield tag="003">OSt</controlfield>
  <controlfield tag="005">20251231165552.0</controlfield>
  <controlfield tag="008">190605e        xxu||||| |||| 00| 0 spa d</controlfield>
  <datafield tag="040" ind1=" " ind2=" ">
    <subfield code="c">PJ</subfield>
  </datafield>
  <datafield tag="100" ind1=" " ind2=" ">
    <subfield code="9">6346</subfield>
    <subfield code="a">Moltrassio, Sebasti&#xE1;n</subfield>
  </datafield>
  <datafield tag="245" ind1="1" ind2="0">
    <subfield code="a">Trabajadores en bicicleta (riders) y plataformas de reparto. Atisbos de relaci&#xF3;n laboral. Estudio de sentencias de CABA, Buenos Aires y Santa Fe /</subfield>
    <subfield code="b">un riesgo latente para los empleadores /</subfield>
    <subfield code="c">Sebasti&#xE1;n Moltrassio. </subfield>
  </datafield>
  <datafield tag="260" ind1=" " ind2=" ">
    <subfield code="a">Ciudad Aut&#xF3;noma de Buenos Aires :</subfield>
    <subfield code="b">Thomson Reuters La Ley,</subfield>
    <subfield code="c">2023.</subfield>
  </datafield>
  <datafield tag="300" ind1=" " ind2=" ">
    <subfield code="a">p. 65-75</subfield>
  </datafield>
  <datafield tag="500" ind1=" " ind2=" ">
    <subfield code="a">Cita: TR LALEY AR/DOC/258/2023.

</subfield>
  </datafield>
  <datafield tag="505" ind1=" " ind2=" ">
    <subfield code="a">Sumario: I. Introducci&#xF3;n.&#x2014; II. Normas de la LCT que generan la presunci&#xF3;n de relaci&#xF3;n laboral.&#x2014; III. Jurisprudencia. Atisbos de relaci&#xF3;n laboral: CABA. Actividad sindical.&#x2014; IV. Provincia de Buenos Aires. Caracterizaci&#xF3;n de la relaci&#xF3;n laboral.&#x2014; V. "Repartos YA SA s/ apelaci&#xF3;n de resoluci&#xF3;n administrativa". Tribunal del Trabajo N&#xB0; 1. La Plata.&#x2014; VI. "Rappi Arg SAS s/ apelaci&#xF3;n de resoluci&#xF3;n administrativa". Tribunal del Trabajo N&#xB0; 2. La Plata.&#x2014; VII. "Kadabra SAS c. Ministerio de Trabajo s/ apelaci&#xF3;n de resoluci&#xF3;n administrativa".&#x2014; VIII. Santa Fe.&#x2014; IX. Conclusi&#xF3;n. </subfield>
  </datafield>
  <datafield tag="505" ind1=" " ind2=" ">
    <subfield code="t">&#xBF;Te interesa el texto completo? Solicitalo al correo: koha@justierradelfuego.gov.ar</subfield>
  </datafield>
  <datafield tag="650" ind1=" " ind2="0">
    <subfield code="9">1316</subfield>
    <subfield code="a">DERECHO LABORAL</subfield>
  </datafield>
  <datafield tag="650" ind1=" " ind2="0">
    <subfield code="9">5233</subfield>
    <subfield code="a">PANDEMIA</subfield>
  </datafield>
  <datafield tag="773" ind1="0" ind2=" ">
    <subfield code="0">2711</subfield>
    <subfield code="9">3168</subfield>
    <subfield code="d">Ciudad Aut&#xF3;noma de Buenos Aires : Thomson Reuters La Ley, 1999-2002.</subfield>
    <subfield code="t">Revista de derecho del trabajo. N&#xBA; 2 - Marzo 2023</subfield>
  </datafield>
  <datafield tag="942" ind1=" " ind2=" ">
    <subfield code="2">udc</subfield>
    <subfield code="c">ANA</subfield>
  </datafield>
</record>
